000 00521nam a2200181Ia 4500
005 20250825153438.0
008 231207s9999 xx 000 0 und d
020 _a9781856694612
040 _cNCA Library
082 _aREF 728
_bKRO
100 _aKronenburg, Robert
245 0 _aFlexible architecture that responds to change
_cRobert Kronenburg
260 _bLaurence King Publishing
_aLondon
_c2007
300 _a239p
_bill
546 _aEnglish
650 _aFlexible architecture, Flexible homes,
942 _cREF
999 _c26583
_d26583